KLB EXCELLING GENERAL SCIENCE (Record no. 216742)

MARC details
000 -LEADER
fixed length control field 00457nam a22001697a 4500
008 - FIXED-LENGTH DATA ELEMENTS--GENERAL INFORMATION
fixed length control field 260303b |||||||| |||| 00| 0 eng d
020 ## - INTERNATIONAL STANDARD BOOK NUMBER
International Standard Book Number 9789914552409
050 ## - LIBRARY OF CONGRESS CALL NUMBER
Classification number Q161.M86 2025
100 ## - MAIN ENTRY--PERSONAL NAME
Personal name 112272
245 ## - TITLE STATEMENT
Title KLB EXCELLING GENERAL SCIENCE
260 ## - PUBLICATION, DISTRIBUTION, ETC.
Place of publication, distribution, etc. NAIROBI,KENYA
Name of publisher, distributor, etc. KENYA LITERATURE BUREAU KLB
Date of publication, distribution, etc. 2025
300 ## - PHYSICAL DESCRIPTION
Extent V1,257P.
650 ## - SUBJECT ADDED ENTRY
Topical term or geographic name entry element SCIENCE TEXTBOOK
700 ## - ADDED ENTRY--PERSONAL NAME
Personal name KONGA GIVANS,WAMBUA KELLY
942 ## - ADDED ENTRY ELEMENTS (KOHA)
Source of classification or shelving scheme Library of Congress Classification
Koha item type Long Loan Book

No items available.